Biochemistry of Hereditary Myopathies /

Đã lưu trong:
书目详细资料
主要作者: Dreyfus, Jean-Claude.
其他作者: Schapira, Georges.
格式: Sách giấy
语言:English
出版: Springfield, Illinois : Thomas, 1962.
标签: 添加标签
没有标签, 成为第一个标记此记录!
Thư viện lưu trữ: Thư viện Trường Đại học Đà Lạt
LEADER 00694nam a2200277 4500
001 DLU100109042
005 ##20100610
040 # # |a DLU  |b vie 
041 # # |a eng 
044 # # |a us 
082 # # |a 616.74  |b DR-J 
100 # # |a Dreyfus, Jean-Claude. 
245 # # |a Biochemistry of Hereditary Myopathies /  |c Jean-Claude Dreyfus, Georges Schapira. 
260 # # |a Springfield, Illinois :  |b Thomas,  |c 1962. 
300 # # |a xi, 146 p.   |b illus. ;  |c 24 cm. 
700 # # |a Schapira, Georges. 
923 # # |a 100/2010 
992 # # |a 0 
994 # # |a DLU 
900 # # |a True 
911 # # |a Lý Thị Hồng Hạnh 
925 # # |a G 
926 # # |a A 
927 # # |a SH 
980 # # |a Thư viện Trường Đại học Đà Lạt